Qu ľeen los animales antes de dormir (Registro nro. 35391)
[ vista simple ]
| 000 -CABECERA | |
|---|---|
| Longitud fija campo de control | 00774nam a2200253 c 4500 |
| 003 - • IDENTIFICADOR DELl NÚMERO DE CONTROL | |
| Identificador del número de control | CO-ViMGA |
| 005 - • FECHA Y HORA DE LA ÚLTIMA TRANSACCIÓN | |
| Fecha y hora de la última transacción | 20230915233127.0 |
| 008 - • CÓDIGOS DE INFORMACIÓN DE LONGITUD FIJA | |
| Códigos de información de longitud fija | 111116s2011 sp a | |||| 000 1 spa |
| 020 ## - • NÚMERO INTERNACIONAL NORMALIZADO PARA LIBROS | |
| Número Internacional Normalizado para Libros (ISBN) | 9788426138446 |
| 040 ## - FUENTE DE LA CATALOGACIÓN | |
| Centro catalogador de origen | CO-ViMGA |
| Lengua de catalogación | spa |
| Centro transcriptor | CO-ViMGA |
| 041 1# - • CÓDIGO DE LENGUA | |
| Código de lengua original | fre |
| 082 04 - • NÚMERO DE LA CLASIFICACIÓN DECIMAL DEWEY | |
| Número del ítem | A CARq |
| 100 1# - • PUNTO DE ACCESO PRINCIPAL-NOMBRE DE PERSONA | |
| Nombre de persona | Carlain, Noé |
| 240 10 - • TÍTULO UNIFORME | |
| Título uniforme | <a href="Ce que lisent les animaux avant de dormir">Ce que lisent les animaux avant de dormir</a> |
| 245 10 - • TITULO PROPIAMENTE DICHO | |
| Título | Qu ľeen los animales antes de dormir |
| Mención de responsabilidad, etc. | Noé Carlain ; Nicolas Duffaut ; [traducción̤ de Teresa Farran] |
| 250 ## - • MENCIÓN DE EDICIÓN | |
| Mención de edición | 1a. ed. |
| 300 ## - • DESCRIPCIÓN FÍSICA | |
| Extensión | [42] p. |
| Otras características físicas | il. col. |
| Dimensiones | 32 cm |
| 650 14 - • PUNTO DE ACCESO ADICIONAL DE MATERIA - TÉRMINO DE MATERIA | |
| Término de materia o nombre geográfico como elemento inicial | Literatura infantil francesa |
| 700 1# - • PUNTO DE ACCESO ADICIONAL - NOMBRE DE PERSONA | |
| Nombre de persona | Duffaut, Nicolas |
| 700 1# - • PUNTO DE ACCESO ADICIONAL - NOMBRE DE PERSONA | |
| Nombre de persona | Farran, Teresa |
| 942 ## - ENTRADA DE ELEMENTOS AGREGADOS (KOHA) | |
| Fuente de clasificaión o esquema | Dewey Decimal Classification |
| Koha [por defecto] tipo de item | LIbro |
| Perdido | Fuente de clasificación o esquema | Estado Físico | No para préstamo | Forma de adquisición | Localización permanente | Localización actual | Fecha adquisición | Préstamos totales | Renovaciones totales | Signatura completa | Código de barras | Fecha última consulta | Fecha último préstamo | Número de copia | Fecha del precio de reemplazo | Tipo de item de Koha | Localización en estanterías | Note pública |
|---|---|---|---|---|---|---|---|---|---|---|---|---|---|---|---|---|---|---|
| Colección Sala Infantil de Literatura Pocatil y Tilín | Biblioteca Pública Departamental Eduardo Carranza - Villavicencio | Biblioteca Pública Departamental Eduardo Carranza - Villavicencio | 09/26/2014 | A CAR16 | ECA22221 | 11/26/2024 | Ej.1 | 11/26/2024 | LIbro | Sala Infantil | 17153 | 22056 | |||||||
| Dewey Decimal Classification | Sala Infantil Segundo Piso | Biblioteca Pública Germán Arciniegas - Villavicencio | Biblioteca Pública Germán Arciniegas - Villavicencio | 04/08/2016 | 8 | 9 | A CARq | 29844 | 05/07/2019 | 03/21/2019 | Ej. 1 | 04/08/2016 | LIbro |